From agitation to collaboration: clearing the air through negotiation (Record no. 35973)

000 -LEADER
fixed length control field 00429pab a2200157 454500
008 - FIXED-LENGTH DATA ELEMENTS--GENERAL INFORMATION
fixed length control field 180718b1997 xxu||||| |||| 00| 0 eng d
100 ## - MAIN ENTRY--PERSONAL NAME
Personal name Weber, Edward P.
245 ## - TITLE STATEMENT
Title From agitation to collaboration: clearing the air through negotiation
260 ## - PUBLICATION, DISTRIBUTION, ETC.
Date of publication, distribution, etc. 1997
300 ## - PHYSICAL DESCRIPTION
Extent p.396-410
362 ## - DATES OF PUBLICATION AND/OR SEQUENTIAL DESIGNATION
Dates of publication and/or sequential designation Sep-Oct
650 ## - SUBJECT ADDED ENTRY--TOPICAL TERM
Topical term or geographic name entry element Air pollution
700 ## - ADDED ENTRY--PERSONAL NAME
Personal name Khademian, Anne M.
773 ## - HOST ITEM ENTRY
Main entry heading Public Administration Review
909 ## -
-- 35973
Holdings
Withdrawn status Lost status Damaged status Not for loan Permanent Location Current Location Date acquired Serial Enumeration / chronology Barcode Date last seen Price effective from Koha item type
        Indian Institute of Public Administration Indian Institute of Public Administration 2018-07-19 Volume no: 57, Issue no: 5 AR36238 2018-07-19 2018-07-19 Articles

Powered by Koha